Die teuersten Fußballtransfers - Geboren 1981 - Statistiken

Allgemein
  • Dieses Quiz wurde 25 mal gespielt
  • Das Durchschnittsergebnis liegt bei 5 aus 10
Antwortstatistiken
Ablöse (M €) Saison Nationalität Abgebender Verein Aufnehmender Verein Spieler % Korrekt
69,50 2009-2010 Schweden Inter Mailand FC Barcelona Zlatan Ibrahimović
100%
38,00 2008-2009 Bulgarien Tottenham Manchester United Dimitar Berbatov
75%
27,00 2011-2012 Kamerun Inter Mailand Anzhi Samuel Eto'o
75%
27,00 2004-2005 Kamerun RCD Mallorca FC Barcelona Samuel Eto'o
75%
34,50 2009-2010 Spanien FC Liverpool Real Madrid Xabi Alonso
70%
40,00 2010-2001 Spanien FC Valencia FC Barcelona David Villa
45%
35,90 2001-2002 Argentinien River Plate FC Barcelona Javier Saviola
10%
31,50 2005-2006 England Manchester City Chelsea Shaun Wright-Phillips
10%
26,00 2006-2007 Mali Olympique Lyon Real Madrid Mahamadou Diarra
5%
27,20 2006-2007 England Tottenham Manchester United Michael Carrick
5%
Keine übereinstimmenden Quizze gefunden
Verteilung der Resultate
Anzahl Personen mit jedem Resultat
Perzentil nach korrekt beantworteten Fragen
Ihre Resultats-Entwicklung
Sie haben dieses Quiz noch nicht gespielt